Химия природных и промышленных вод (Запись № 10599495)
[ простой вид ]
| 000 -МАРКЕР | |
|---|---|
| контрольное поле | 02192nam0a2200373 i 4500 |
| 001 - ИДЕНТИФИКАТОР ЗАПИСИ | |
| контрольное поле | RU\NLR\BIBL_A\010302280 |
| 005 - ИДЕНТИФИКАТОР ВЕРСИИ | |
| контрольное поле | 20260405113905.0 |
| 010 ## - МЕЖДУНАРОДНЫЙ СТАНДАРТНЫЙ НОМЕР КНИГИ (ISBN) | |
| Номер (ISBN) | 9785839709744 |
| Тираж | 50 |
| 021 ## - НОМЕР ГОСУДАРСТВЕННОЙ РЕГИСТРАЦИИ | |
| Код страны | Российская Федерация |
| Номер | 2014-7133 |
| Номер Листа государственной регистраци | 450 |
| 035 ## - ДРУГИЕ СИСТЕМНЫЕ НОМЕРА | |
| Идентификатор записи | (NILC)RuMoRGB-006744771 |
| 035 ## - ДРУГИЕ СИСТЕМНЫЕ НОМЕРА | |
| Идентификатор записи | (NLR Aleph) 010302280 |
| 100 ## - ДАННЫЕ ОБЩЕЙ ОБРАБОТКИ | |
| Данные общей обработки | 20140404d2013 k y0rusy50 ca |
| 101 0# - ЯЗЫК РЕСУРСА | |
| Язык текста, звукозаписи и т.д. | русский |
| 102 ## - СТРАНА ПУБЛИКАЦИИ ИЛИ ПРОИЗВОДСТВА | |
| Страна публикации | Российская Федерация |
| 105 ## - ПОЛЕ КОДИРОВАННЫХ ДАННЫХ: ТЕКСТОВЫЕ МАТЕРИАЛЫ, МОНОГРАФИЧЕСКИЕ | |
| Кодированные данные о монографическом текстовом документе | a|||j||||00yy |
| 200 1# - ЗАГЛАВИЕ И СВЕДЕНИЯ ОБ ОТВЕТСТВЕННОСТИ | |
| Основное заглавие | Химия природных и промышленных вод |
| Сведения, относящиеся к заглавию | учебное пособие |
| -- | для студентов, обучающихся по направлению Биология |
| Первые сведения об ответственности | Т. Н. Орлова, Д. А. Базлов, В. Ю. Орлов |
| Последующие сведения об ответственности | М-во образования и науки Российской Федерации, Ярославский гос. ун-т им. П. Г. Демидова |
| 210 ## - ПУБЛИКАЦИЯ, РАСПРОСТРАНЕНИЕ И ДР. | |
| Место издания, распространения и т.д. | Ярославль |
| Имя издателя, распространителя и т. д. | ЯрГУ |
| Дата издания, распространения и т.д. | 2013 |
| 215 ## - ФИЗИЧЕСКАЯ ХАРАКТЕРИСТИКА | |
| Специфическое обозначение материала и объем | 118 с. |
| Другие сведения о физической характеристике | ил. |
| Размеры | 20 |
| 320 ## - ПРИМЕЧАНИЯ О НАЛИЧИИ В ДОКУМЕНТЕ БИБЛИОГРАФИИ / УКАЗАТЕЛЯ | |
| Текст примечания | Библиогр.: с. 115-116 (20 назв.) |
| 606 ## - НАИМЕНОВАНИЕ ТЕМЫ КАК ПРЕДМЕТ | |
| Наименование темы | Естественные воды |
| Формальный подзаголовок | Учебные издания для высших учебных заведений |
| Тематический подзаголовок | Гидрохимия |
| Системный номер авторитетной/нормативной записи | 1176303 |
| Идентификатор авторитетной/нормативной записи | RU\NLR\AUTH\66155081 |
| 606 1# - НАИМЕНОВАНИЕ ТЕМЫ КАК ПРЕДМЕТ | |
| Наименование темы | Питьевая вода |
| Формальный подзаголовок | Учебные издания для высших учебных заведений |
| Тематический подзаголовок | Качество |
| -- | Гигиеническая оценка |
| Системный номер авторитетной/нормативной записи | 1939407 |
| Идентификатор авторитетной/нормативной записи | RU\NLR\AUTH\66886158 |
| 606 ## - НАИМЕНОВАНИЕ ТЕМЫ КАК ПРЕДМЕТ | |
| Наименование темы | Промышленные сточные воды |
| Формальный подзаголовок | Учебные издания для высших учебных заведений |
| Тематический подзаголовок | Очистка |
| Системный номер авторитетной/нормативной записи | 987228 |
| Идентификатор авторитетной/нормативной записи | RU\NLR\AUTH\6654340 |
| 686 1# - ИНДЕКСЫ ДРУГИХ КЛАССИФИКАЦИЙ | |
| Индекс | Н761.220.4я73-1 |
| 686 1# - ИНДЕКСЫ ДРУГИХ КЛАССИФИКАЦИЙ | |
| Индекс | Д220.12я73 |
| 686 1# - ИНДЕКСЫ ДРУГИХ КЛАССИФИКАЦИЙ | |
| Индекс | Р121.251.1я73 |
| 700 #1 - ИМЯ ЛИЦА - ПЕРВИЧНАЯ ОТВЕТСТВЕННОСТЬ | |
| Материалы, к которым относится поле | rus |
| Графика поля | Кириллица |
| Начальный элемент ввода | Орлова |
| Часть имени, кроме начального элемента ввода | Т. Н. |
| Дополнения к именам, кроме дат | химик -органик |
| Расширение инициалов личного имени | Татьяна Николаевна |
| Идентификатор авторитетной/нормативной записи | RU\NLR\AUTH\7741355 |
| Системный номер авторитетной/нормативной записи | 24303 |
| 701 #1 - ИМЯ ЛИЦА - АЛЬТЕРНАТИВНАЯ ОТВЕТСТВЕННОСТЬ | |
| Начальный элемент ввода | Базлов |
| Часть имени, кроме начального элемента ввода | Д. А. |
| Расширение инициалов личного имени | Дмитрий Александрович |
| 701 #1 - ИМЯ ЛИЦА - АЛЬТЕРНАТИВНАЯ ОТВЕТСТВЕННОСТЬ | |
| Материалы, к которым относится поле | rus |
| Графика поля | Кириллица |
| Начальный элемент ввода | Орлов |
| Часть имени, кроме начального элемента ввода | В. Ю. |
| Дополнения к именам, кроме дат | д-р хим. наук, органическая химия |
| Расширение инициалов личного имени | Владимир Юрьевич |
| Идентификатор авторитетной/нормативной записи | RU\NLR\AUTH\7744511 |
| Системный номер авторитетной/нормативной записи | 27451 |
| 801 #0 - ИСТОЧНИК ЗАПИСИ | |
| Страна | Российская Федерация |
| Организация | РГБ |
| Дата составления | 20140225 |
| Правила каталогизации | RCR |
| 942 ## - ДОПОЛНИТЕЛЬНЫЕ ЭЛЕМЕНТЫ ЗАПИСИ (АБИС) | |
| Тип экземпляра АБИС | Книга |
| 980 ## - КОЛЛЕКЦИЯ | |
| Название коллекции | НБР |
Нет доступных экземпляров.